| 000 | 00774cam a22002411a 4500 | ||
|---|---|---|---|
| 001 | sa 68006390 | ||
| 003 | DLC | ||
| 005 | 20260227112516.0 | ||
| 008 | 861121s1962 ii 000 0 eng | ||
| 010 | _asa 68006390 | ||
| 025 | _aPL480:I-E-8561 | ||
| 035 | _a(OCoLC)14816719 | ||
| 040 |
_aDLC _cWaU _dWaU _dDLC |
||
| 042 | _apremarc | ||
| 043 | _aa-ii--- | ||
| 050 | 0 | 0 |
_aHJ4387.D37 _bA55 |
| 110 | 1 | _aDasapalla (India : State) | |
| 245 | 1 | 0 | _aReport on the survey and settlement of Dasapalla Feudatory State during the years, 1917-1921. |
| 260 |
_aBerhampur [Orissa] _bPrinted at Sarada Press, _c1962. |
||
| 300 |
_aiii, 87 p. _c33 cm. |
||
| 650 | 0 |
_aLand value taxation _zIndia _zDasapalla (State) |
|
| 650 | 0 |
_aAgriculture _xEconomic aspects _zIndia _zDasapalla (State) |
|
| 999 |
_c81298 _d81298 |
||